[Event "4NCL Division 3s"]
[Site "Daventry Court ENG"]
[Date "2014.01.11"]
[Round "3.85"]
[White "Josse, Mark"]
[Black "Thorarinsson, Pall A"]
[Result "1/2-1/2"]
[WhiteElo "2165"]
[BlackElo "2230"]
[PlyCount "125"]
[EventDate "2014.01.11"]
[WhiteTeam "e2e4.org.uk 2"]
[BlackTeam "Fermented Sharks"]

1. d4 d6 2. c4 e5 3. d5 f5 4. Nc3 Nf6 5. e4 fxe4 6. Nge2 Bf5 7. Ng3 Bg6 8. h4
h6 9. h5 Bh7 10. Be3 Be7 11. Be2 O-O 12. Bg4 Nbd7 13. Be6+ Kh8 14. Nf5 Bxf5 15.
Bxf5 Nxd5 16. Qxd5 Rxf5 17. Qxe4 Rf8 18. Qxb7 Rb8 19. Qxa7 Rxb2 20. Qa3 Rb8 21.
Qc1 Bg5 22. Bxg5 Qxg5 23. Qxg5 hxg5 24. Nd5 Rb7 25. O-O Nf6 26. Nxf6 gxf6 27.
Rfb1 Ra7 28. g4 f5 29. gxf5 Kg7 30. Kg2 Kf6 31. Rb3 Rfa8 32. a3 Ra4 33. Rc3
Kxf5 34. Rf3+ Ke6 35. Rc3 Kf6 36. Kg3 Kg7 37. Kg2 Kh6 38. c5 Kxh5 39. cxd6 cxd6
40. Rc6 R8a6 41. Rxa6 Rxa6 42. a4 Kg4 43. a5 d5 44. Kf1 Kf3 45. Ra3+ Ke4 46.
Ke2 g4 47. Kd2 d4 48. Ke2 Kd5 49. Kd3 e4+ 50. Kd2 Rf6 51. Ke1 Ra6 52. Kd2 Ke5
53. Ra2 Kf4 54. Ra4 d3 55. Ke1 Kf3 56. Ra3 g3 57. fxg3 Kxg3 58. Kd2 Kf3 59. Ra1
Kf2 60. Re1 Kf3 61. Rf1+ Kg4 62. Ke3 Rxa5 63. Kxe4 1/2-1/2

[Event "4NCL Division 3s"]
[Site "Daventry Court ENG"]
[Date "2014.01.11"]
[Round "3.86"]
[White "Farkas, Daniel"]
[Black "Byron, Alan M"]
[Result "1/2-1/2"]
[WhiteElo "2121"]
[BlackElo "2147"]
[PlyCount "122"]
[EventDate "2014.01.11"]
[WhiteTeam "Fermented Sharks"]
[BlackTeam "e2e4.org.uk 2"]

1. e4 c6 2. d4 d5 3. exd5 cxd5 4. Bd3 Nf6 5. c3 Nc6 6. Bf4 g6 7. Nf3 Bg7 8. Na3
O-O 9. O-O Nh5 10. Bg5 a6 11. Qd2 Bg4 12. Ne1 f6 13. Be3 Bh8 14. c4 Be6 15. Rc1
f5 16. Bh6 Bg7 17. Bxg7 Kxg7 18. c5 Nf6 19. Qe3 Bg8 20. Nac2 Qc7 21. f4 Ne4 22.
Nf3 h6 23. a3 Nf6 24. Ne5 Nxe5 25. fxe5 Nh7 26. h4 e6 27. Ne1 Qe7 28. Qg3 Rac8
29. Nf3 Bf7 30. b4 Be8 31. Rfe1 Kh8 32. Qf4 g5 33. hxg5 hxg5 34. Qh2 Qg7 35.
Nd2 Kg8 36. Nb3 g4 37. Qf4 Ng5 38. Kf2 Bb5 39. Bxb5 axb5 40. Rh1 Kf7 41. Na5
Kg6 42. Ke3 Rh8 43. Kd3 Rh7 44. Rxh7 Qxh7 45. Kc2 Rc7 46. Kb2 Qh5 47. Qf1 g3
48. Qxb5 Qg4 49. Nb3 f4 50. Qd3+ Qf5 51. Qxf5+ Kxf5 52. Nd2 Kg4 53. Rf1 Nf7 54.
b5 Nh6 55. Nf3 Nf5 56. Rh1 Ne3 57. Ne1 Nxg2 58. Nxg2 f3 59. Rh4+ Kg5 60. Rh3
Kg4 61. Rh4+ Kg5 1/2-1/2

[Event "4NCL Division 3s"]
[Site "Daventry Court ENG"]
[Date "2014.01.11"]
[Round "3.87"]
[White "Mansson, James C"]
[Black "Agnew, Alan"]
[Result "0-1"]
[WhiteElo "2110"]
[BlackElo "2062"]
[PlyCount "60"]
[EventDate "2014.01.11"]
[WhiteTeam "e2e4.org.uk 2"]
[BlackTeam "Fermented Sharks"]

1. d4 d6 2. e4 g6 3. c4 Bg7 4. Nc3 e5 5. dxe5 dxe5 6. Qxd8+ Kxd8 7. Bg5+ f6 8.
O-O-O+ Nd7 9. Be3 Bh6 10. Bxh6 Nxh6 11. Nf3 c6 12. h3 Ke7 13. g4 Nf7 14. Bg2
Nc5 15. Rhe1 a5 16. Bf1 g5 17. Ng1 h5 18. gxh5 Rxh5 19. Nge2 Be6 20. Ng3 Rh4
21. Nf5+ Bxf5 22. exf5 Nd6 23. b3 Nxf5 24. Nb1 Rd8 25. Rxd8 Kxd8 26. Nd2 Nd4
27. Re3 e4 28. Kb2 Nf5 29. Rc3 Rf4 30. f3 e3 0-1

[Event "4NCL Division 3s"]
[Site "Daventry Court ENG"]
[Date "2014.01.11"]
[Round "3.88"]
[White "Karahaliou, Elia"]
[Black "Taylor, Adam A"]
[Result "0-1"]
[WhiteElo "2028"]
[BlackElo "1983"]
[PlyCount "80"]
[EventDate "2014.01.11"]
[WhiteTeam "Fermented Sharks"]
[BlackTeam "e2e4.org.uk 2"]

1. e4 c5 2. Nf3 Nc6 3. Bb5 e6 4. O-O Nge7 5. Re1 a6 6. Bf1 d5 7. d3 b6 8. Nbd2
Bb7 9. g3 Ng6 10. Bg2 Be7 11. Qe2 O-O 12. h4 Bf6 13. h5 Nge5 14. Nxe5 Bxe5 15.
f4 Bc7 16. Nf3 Qd7 17. Be3 Rae8 18. Nh4 d4 19. Bd2 f5 20. a3 Bd8 21. Nf3 e5 22.
Nxe5 Nxe5 23. fxe5 Bc7 24. exf5 Bxe5 25. Bxb7 Qxb7 26. Qg4 Qd7 27. Rf1 Rf7 28.
Rae1 Bc7 29. Rxe8+ Qxe8 30. Bf4 Bxf4 31. Qxf4 Re7 32. g4 Re2 33. Rf2 Re3 34. f6
Re1+ 35. Kh2 gxf6 36. g5 Qxh5+ 37. Kg3 Rg1+ 38. Rg2 Rxg2+ 39. Kxg2 Qxg5+ 40.
Qxg5+ fxg5 0-1

[Event "4NCL Division 3s"]
[Site "Daventry Court ENG"]
[Date "2014.01.11"]
[Round "3.89"]
[White "Denton, John R"]
[Black "Millward, Kevin P"]
[Result "0-1"]
[WhiteElo "2040"]
[BlackElo "1984"]
[PlyCount "102"]
[EventDate "2014.01.11"]
[WhiteTeam "e2e4.org.uk 2"]
[BlackTeam "Fermented Sharks"]

1. b3 e5 2. Bb2 Nc6 3. e3 d6 4. Nf3 Bg4 5. Be2 f5 6. h3 Bh5 7. g4 Bg6 8. d3 Be7
9. Nc3 Qd7 10. Qd2 Nf6 11. g5 Ng8 12. O-O-O Bf7 13. Rdg1 g6 14. d4 O-O-O 15.
Bb5 a6 16. dxe5 axb5 17. Nxb5 Qe6 18. Nbd4 Qd5 19. e6 Bxe6 20. Nxe6 Qxe6 21.
Bxh8 Nh6 22. Bb2 Nf7 23. h4 Nfe5 24. Nd4 Nxd4 25. Qxd4 Nf3 26. Qg7 Nxg1 27.
Rxg1 Rf8 28. Qxh7 f4 29. exf4 Rxf4 30. Qh8+ Kd7 31. Bd4 Rf8 32. Qg7 Rf7 33. Qg8
Rf4 34. Qxe6+ Kxe6 35. Be3 Rxh4 36. Kd2 d5 37. Kd3 c5 38. c3 Kf5 39. a4 Rh5 40.
a5 Rh8 41. Rb1 Rh4 42. Ra1 c4+ 43. Kc2 cxb3+ 44. Kxb3 Rc4 45. a6 bxa6 46. Rxa6
Re4 47. Ra5 Ke6 48. Kc2 Re5 49. Kd3 Re4 50. f4 Rc4 51. Bd4 Rc6 {PHONE RANG} 0-1

[Event "4NCL Division 3s"]
[Site "Daventry Court ENG"]
[Date "2014.01.11"]
[Round "3.90"]
[White "McAleenan, Charles T"]
[Black "Peat, Matthew"]
[Result "1-0"]
[WhiteElo "1812"]
[BlackElo "2072"]
[PlyCount "79"]
[EventDate "2014.01.11"]
[WhiteTeam "Fermented Sharks"]
[BlackTeam "e2e4.org.uk 2"]

1. d4 d5 2. Bf4 Nf6 3. e3 c5 4. c3 Nc6 5. Nf3 Qb6 6. Qb3 c4 7. Qc2 Bf5 8. Qc1
h6 9. h3 e6 10. Be2 Be7 11. Nbd2 Qd8 12. Ne5 Nxe5 13. Bxe5 O-O 14. O-O b5 15.
Bd1 Bd3 16. Re1 b4 17. Bc2 Bxc2 18. Qxc2 a5 19. e4 bxc3 20. bxc3 a4 21. a3 Qd7
22. Reb1 Qc6 23. f3 Nd7 24. Bf4 f5 25. exd5 exd5 26. Nf1 Bf6 27. Re1 g5 28. Bc1
Bd8 29. Rb1 Bc7 30. Bb2 Qd6 31. Re2 Rf6 32. Rbe1 Kf7 33. Bc1 Nf8 34. Re5 f4 35.
Nh2 Ng6 36. Ng4 Nxe5 37. Qh7+ Kf8 38. Qh8+ Kf7 39. Nxe5+ Qxe5 40. Qh7+ 1-0

[Event "4NCL Division 3s"]
[Site "Daventry Court ENG"]
[Date "2014.01.11"]
[Round "3.95"]
[White "Horspool, Philip J"]
[Black "Maciol, Ryszard"]
[Result "0-1"]
[WhiteElo "2025"]
[BlackElo "2189"]
[PlyCount "108"]
[EventDate "2014.01.11"]
[WhiteTeam "e2e4.org.uk 3"]
[BlackTeam "Celtic Tigers 1"]

1. e4 e6 2. d4 d5 3. Nd2 Be7 4. Bd3 c5 5. dxc5 Nf6 6. Qe2 Bxc5 7. Ngf3 Nc6 8.
c3 O-O 9. h3 e5 10. O-O dxe4 11. Nxe4 Be7 12. Rd1 Qc7 13. Nxf6+ Bxf6 14. Bg5
Be7 15. Bxe7 Qxe7 16. Re1 f6 17. Bc4+ Kh8 18. Rad1 Bd7 19. Nd4 Rad8 20. Bb3 Na5
21. Bc2 Qf7 22. Nb3 Nc6 23. Nc5 Bc8 24. Bb3 Qe7 25. Qb5 Rxd1 26. Rxd1 f5 27.
Bd5 Nd8 28. b4 e4 29. Qe2 Qe5 30. Nb3 Nc6 31. Bxc6 bxc6 32. Qe3 f4 33. Qd4 Qg5
34. Qc5 Qf6 35. Qd4 Qg6 36. Qd6 Qf7 37. Nd4 f3 38. Qg3 fxg2 39. Rd2 e3 40. Qxe3
Re8 41. Qf3 Re1+ 42. Kxg2 Qg6+ 43. Qg3 Bxh3+ 44. Kh2 Qh5 45. Nf3 Be6+ 46. Nh4
g5 47. Rd4 Bd5 48. f3 Re2+ 49. Kg1 gxh4 50. Rxh4 Qe8 51. Qf4 Re1+ 52. Kh2 Qe2+
53. Kh3 Be6+ 54. Rg4 Rh1+ 0-1

[Event "4NCL Division 3s"]
[Site "Daventry Court ENG"]
[Date "2014.01.11"]
[Round "3.96"]
[White "Pedersen, Carsten"]
[Black "Ganger, Rajan"]
[Result "1/2-1/2"]
[WhiteElo "2146"]
[BlackElo "1991"]
[PlyCount "202"]
[EventDate "2014.01.11"]
[WhiteTeam "Celtic Tigers 1"]
[BlackTeam "e2e4.org.uk 3"]

1. e4 e5 2. Nf3 Nc6 3. Bc4 Bc5 4. O-O Nf6 5. d4 Nxd4 6. Nxe5 Ne6 7. Bxe6 fxe6
8. Nd3 Be7 9. e5 Nd5 10. Qf3 b5 11. Nc3 Bb7 12. Nxb5 a6 13. Nc3 Rb8 14. Ne4 Nb4
15. Nxb4 Bxb4 16. c3 Qh4 17. Re1 Be7 18. Qg3 Qxg3 19. hxg3 d5 20. Ng5 Bxg5 21.
Bxg5 a5 22. Be3 Bc6 23. b3 Kd7 24. Reb1 a4 25. b4 Bb5 26. a3 Rhf8 27. Bc5 Rf5
28. Re1 g6 29. Rad1 Bc4 30. Rd4 Kc6 31. Re3 Rd8 32. g4 Rf7 33. Rh3 Rdd7 34. f3
Kb5 35. Kf2 c6 36. Rh1 Bb3 37. Bd6 Ka6 38. Ke3 Kb5 39. Bc5 Bc2 40. Rc1 Bb3 41.
Rh1 Bc4 42. Rh6 Bb3 43. Bd6 Bc4 44. Rh2 Bb3 45. g3 Bc4 46. Bc5 Bb3 47. f4 Rd8
48. Rf2 Re8 49. Bd6 Ka6 50. Rdd2 h5 51. Rh2 Rg8 52. g5 Rgg7 53. Rh4 Kb5 54. Rd4
Ba2 55. Rh1 Bb3 56. Kd2 Rh7 57. Rh4 Ba2 58. Kc2 Bb3+ 59. Kb2 Bc4 60. Rd2 Bf1
61. Bc5 Rhg7 62. Be3 Bc4 63. Kc2 Bb3+ 64. Kd3 Bc4+ 65. Kd4 Bb3 66. Rh1 Rc7 67.
Kd3 Bc4+ 68. Kc2 Bb3+ 69. Kb2 Bc4 70. Rhh2 Bb3 71. Rh4 Bc4 72. Rh1 Rgf7 73. Kc1
Rh7 74. Bc5 Rhf7 75. Kc2 Bb3+ 76. Kd3 Bc4+ 77. Kd4 Bb3 78. Rh4 Rf5 79. Kd3 Bc4+
80. Ke3 Rcf7 81. Rd4 Bb3 82. Bd6 Bc2 83. Rh2 Bb3 84. Rh1 Rg7 85. Bc5 Rff7 86.
Kf3 Bc2 87. Rh2 Bf5 88. Ke3 Rh7 89. Rh1 Rh8 90. Rh4 Rhh7 91. Rh2 Rh8 92. Rh4
Rhh7 93. Kd2 Rhg7 94. Rh2 Rh7 95. c4+ dxc4 96. Kc3 Rd7 97. Rxd7 Rxd7 98. Bd6
Rh7 99. Kd4 Rf7 100. Rh1 Bd3 101. Ke3 Bf5 1/2-1/2

[Event "4NCL Division 3s"]
[Site "Daventry Court ENG"]
[Date "2014.01.11"]
[Round "3.97"]
[White "Arkell, Nicholas D"]
[Black "Quinn, John M"]
[Result "1/2-1/2"]
[WhiteElo "1927"]
[BlackElo "2133"]
[PlyCount "76"]
[EventDate "2014.01.11"]
[WhiteTeam "e2e4.org.uk 3"]
[BlackTeam "Celtic Tigers 1"]

1. Nf3 Nf6 2. d3 d5 3. Nbd2 c5 4. g3 Nc6 5. Bg2 g6 6. O-O Bg7 7. e4 O-O 8. c3
e5 9. Qc2 h6 10. Re1 Be6 11. h3 Rc8 12. exd5 Nxd5 13. Nc4 Qc7 14. a4 Rfe8 15.
Qe2 f6 16. Nfd2 f5 17. Nf1 Rcd8 18. Nfe3 Nde7 19. Bf1 Qd7 20. Ng2 Nd5 21. Rd1
Nxc3 22. bxc3 Bxc4 23. Be3 Bb3 24. Rdb1 Bd5 25. Bxc5 Bxg2 26. Bxg2 Qxd3 27.
Qa2+ Kh7 28. Rxb7 e4 29. Be3 Qxc3 30. Rc1 Qf6 31. Bxa7 Nxa7 32. Rcc7 Rg8 33.
Rxa7 Kh8 34. a5 Rd1+ 35. Kh2 Qd4 36. Qe2 Rd2 37. Qe3 Qxe3 38. fxe3 Rb8 1/2-1/2

[Event "4NCL Division 3s"]
[Site "Daventry Court ENG"]
[Date "2014.01.11"]
[Round "3.98"]
[White "Way, Julian M"]
[Black "Garnett, John S"]
[Result "0-1"]
[WhiteElo "1993"]
[BlackElo "1999"]
[PlyCount "202"]
[EventDate "2014.01.11"]
[WhiteTeam "Celtic Tigers 1"]
[BlackTeam "e2e4.org.uk 3"]

1. e4 c6 2. d3 d5 3. c3 e5 4. Qc2 Nf6 5. Nf3 Qc7 6. Be2 h6 7. Nbd2 Be6 8. O-O
Nbd7 9. a4 Be7 10. Re1 O-O 11. Nf1 Rfe8 12. Ng3 Rad8 13. Bf1 dxe4 14. dxe4 Nc5
15. b4 Nb3 16. Rb1 Nxc1 17. Qxc1 Nd7 18. Qe3 f6 19. Nd2 a5 20. Bc4 Nf8 21. Nf5
Bxc4 22. Nxc4 axb4 23. cxb4 Ne6 24. Qg3 Kh7 25. Qg4 Bf8 26. Nfe3 Nf4 27. Qf5+
Kh8 28. b5 cxb5 29. Rxb5 Rd4 30. Nb6 Qc3 31. Rf1 Qd3 32. h3 Qxe4 33. Qxe4 Rxe4
34. Kh2 Ne2 35. Ned5 Nd4 36. Rbb1 Nc6 37. Ra1 Rd4 38. Nc7 Rb8 39. Nb5 Rb4 40.
Nd5 Rb2 41. Rac1 Rd8 42. Ne3 Bb4 43. Kg3 Ra2 44. Rfd1 Rxd1 45. Rxd1 Rd2 46. Rc1
Kg8 47. Nf5 Kf7 48. Rc4 Rd7 49. h4 Ke6 50. Ne3 f5 51. Nc2 Be7 52. f3 f4+ 53.
Kh3 Rd1 54. g3 fxg3 55. Kxg3 g5 56. h5 Rh1 57. Re4 Rxh5 58. Nc7+ Kd7 59. Nd5
Rh1 60. Nce3 Ra1 61. Nf5 Bf8 62. Kg4 Ke6 63. Nc7+ Kf6 64. Ne3 Bc5 65. Ned5+ Kg6
66. Ne6 Bf2 67. Kh3 Rg1 68. Nf8+ Kf5 69. Re2 Ba7 70. Kh2 Ra1 71. Rb2 Nd8 72.
Rd2 Bd4 73. Rc2 Ne6 74. Rc8 Rxa4 75. Ne7+ Kf6 76. Ng8+ Kf7 77. Nxh6+ Kg7 78.
Nxe6+ Kxh6 79. Kg3 Kg6 80. Nf8+ Kf5 81. Nd7 Ra2 82. Rb8 Be3 83. Rf8+ Ke6 84.
Nb8 Bf4+ 85. Kg4 Rg2+ 86. Kh5 Rg3 87. Kg6 Rxf3 88. Rf6+ Kd5 89. Nd7 b5 90. Rb6
Rb3 91. Nf6+ Kd4 92. Kf5 Rb1 93. Ne4 g4 94. Rd6+ Ke3 95. Nc3 Rb3 96. Nd5+ Kf3
97. Rg6 g3 98. Nf6 g2 99. Ne4 Rb1 100. Rg4 g1=Q 101. Rxf4+ exf4 0-1

[Event "4NCL Division 3s"]
[Site "Daventry Court ENG"]
[Date "2014.01.11"]
[Round "3.99"]
[White "Taylor, Dale C"]
[Black "Evans, Craig J"]
[Result "1/2-1/2"]
[WhiteElo "1937"]
[BlackElo "1962"]
[PlyCount "42"]
[EventDate "2014.01.11"]
[WhiteTeam "e2e4.org.uk 3"]
[BlackTeam "Celtic Tigers 1"]

1. Nf3 e6 2. g3 b6 3. Bg2 Bb7 4. c4 f5 5. Nc3 Nf6 6. O-O Be7 7. d4 O-O 8. d5
Na6 9. Nd4 Qc8 10. e4 fxe4 11. Nxe4 Nxe4 12. Bxe4 Nc5 13. Bg2 a5 14. b3 exd5
15. cxd5 Bf6 16. Re1 Re8 17. Rxe8+ Qxe8 18. Be3 Qf7 19. Qf3 Nd3 20. Rd1 Nb4 21.
Nb5 Rc8 1/2-1/2

[Event "4NCL Division 3s"]
[Site "Daventry Court ENG"]
[Date "2014.01.11"]
[Round "3.100"]
[White "Herring, Sam AC"]
[Black "Truman, Richard G"]
[Result "0-1"]
[WhiteElo "1719"]
[BlackElo "1953"]
[PlyCount "84"]
[EventDate "2014.01.11"]
[WhiteTeam "Celtic Tigers 1"]
[BlackTeam "e2e4.org.uk 3"]

1. d4 Nf6 2. c4 g6 3. Nc3 d5 4. Nf3 Bg7 5. Qb3 dxc4 6. Qxc4 O-O 7. e4 Bg4 8.
Be2 Nc6 9. Be3 Nd7 10. Rd1 Nb6 11. Qc5 Qd6 12. Qxd6 cxd6 13. d5 Nb4 14. O-O h6
15. a3 Nc2 16. Bxb6 axb6 17. Nb5 Rfc8 18. Rd2 Rc5 19. Rc1 Nd4 20. Rxc5 Nxe2+
21. Rxe2 bxc5 22. Rc2 Bd7 23. Nc3 b5 24. h3 b4 25. axb4 cxb4 26. Ne2 Bb5 27.
Rd2 Ra1+ 28. Kh2 Bxe2 29. Rxe2 Rb1 30. e5 dxe5 31. g3 e4 32. Rxe4 Rxb2 33. Kg2
Bf6 34. Ne5 Rd2 35. Nf3 Rb2 36. Ne5 b3 37. Re1 Rd2 38. Nc4 Rxd5 39. Rb1 b2 40.
Kf3 Rc5 41. Nd2 Rc1 42. Ke3 Bc3 0-1

[Event "4NCL Division 3s"]
[Site "Daventry Court ENG"]
[Date "2014.01.11"]
[Round "3.105"]
[White "Healey, Michael W"]
[Black "Fegan, Chris"]
[Result "1-0"]
[WhiteElo "2129"]
[BlackElo "2057"]
[PlyCount "81"]
[EventDate "2014.01.11"]
[WhiteTeam "Oxford 2"]
[BlackTeam "BCM Hippos (3)"]

1. e4 d6 2. Nc3 g6 3. Bc4 c5 4. d4 cxd4 5. Qxd4 Nf6 6. Bg5 Bg7 7. Nge2 Nc6 8.
Qd2 a6 9. Bh6 O-O 10. Bxg7 Kxg7 11. a4 Rb8 12. O-O Ne5 13. Bb3 b5 14. axb5 axb5
15. Qd4 Nc6 16. Qd3 Ne5 17. Qd4 Nc6 18. Qe3 Na5 19. Qa7 Nc6 20. Qe3 Na5 21. Nd4
Bd7 22. Nd5 Nxb3 23. Nxb3 e6 24. Nb4 Qb6 25. Qf3 Qb7 26. Rfe1 e5 27. Qd3 Ne8
28. f4 f5 29. fxe5 Qb6+ 30. Qe3 dxe5 31. exf5 Rxf5 32. Ra7 Qd6 33. Nc5 Nf6 34.
g4 Rf4 35. Ne6+ Qxe6 36. Qxf4 Nxg4 37. Qd4 Rd8 38. Rb7 Kg8 39. Qd5 Qxd5 40.
Nxd5 Bc6 41. Ne7+ 1-0

[Event "4NCL Division 3s"]
[Site "Daventry Court ENG"]
[Date "2014.01.11"]
[Round "3.106"]
[White "Kane, Robert (Bob) B"]
[Black "Dickinson, Tim R"]
[Result "1/2-1/2"]
[WhiteElo "1862"]
[BlackElo "2133"]
[PlyCount "39"]
[EventDate "2014.01.11"]
[WhiteTeam "BCM Hippos (3)"]
[BlackTeam "Oxford 2"]

1. d4 e6 2. Bf4 Nf6 3. e3 d5 4. Nf3 c5 5. c3 Nc6 6. Nbd2 Be7 7. Ne5 cxd4 8.
exd4 Qb6 9. Rb1 Bd7 10. Bd3 O-O 11. Qf3 Nxe5 12. dxe5 Ne8 13. Qh5 f5 14. Qe2 g5
15. Be3 Qc7 16. f4 Ng7 17. O-O g4 18. c4 dxc4 19. Nxc4 Bc6 20. b4 1/2-1/2

[Event "4NCL Division 3s"]
[Site "Daventry Court ENG"]
[Date "2014.01.11"]
[Round "3.107"]
[White "Ludbrook, Matthew"]
[Black "Lawson, Maurice E"]
[Result "1/2-1/2"]
[WhiteElo "2002"]
[BlackElo "1918"]
[PlyCount "161"]
[EventDate "2014.01.11"]
[WhiteTeam "Oxford 2"]
[BlackTeam "BCM Hippos (3)"]

1. e4 c6 2. d4 d5 3. e5 c5 4. c3 Nc6 5. Bb5 a6 6. Bxc6+ bxc6 7. dxc5 Qc7 8. f4
h5 9. Nf3 Bg4 10. Nbd2 e6 11. b4 Nh6 12. h3 Bxf3 13. Nxf3 Nf5 14. Kf2 h4 15.
Re1 Be7 16. Nd4 g6 17. a3 Qb7 18. Be3 Rb8 19. Qd3 Bd8 20. Reb1 O-O 21. a4 Nxd4
22. cxd4 Bc7 23. Rb3 Ra8 24. Rab1 Rfb8 25. Kf3 Qc8 26. Kg4 Kg7 27. Kxh4 Qh8+
28. Kg3 Qh5 29. Kh2 Rh8 30. b5 axb5 31. axb5 Ra2 32. R3b2 Rxb2 33. Rxb2 cxb5
34. Rxb5 Qg4 35. Bd2 Bd8 36. Rb8 Qd1 37. Qe3 Ba5 38. Rb2 Qa1 39. Rc2 Qd1 40.
Ra2 Bd8 41. Ra8 Qc2 42. Bb4 Qc4 43. Qc3 Qf1 44. Qd2 Bg5 45. fxg5 Rxa8 46. Qe3
Ra2 47. Bd2 Qd1 48. Bb4 Qc2 49. Qf3 Ra4 50. Qc3 Qe4 51. Qd2 Qb1 52. Bc3 Ra2 53.
Qf4 Qc2 54. Qf3 Qf5 55. Qxf5 exf5 56. Kg1 Kf8 57. Be1 Ra4 58. Bf2 Ra1+ 59. Kh2
Ra2 60. Kg3 Ke7 61. Kf3 Kd7 62. Be3 Ra1 63. g4 fxg4+ 64. Kxg4 Ra3 65. Bf2 Rc3
66. h4 Ke6 67. Kf4 Kd7 68. Kg4 Ke6 69. Kf4 Kd7 70. Kg4 Kc6 71. h5 gxh5+ 72.
Kxh5 Rf3 73. Bg1 Rf1 74. Be3 Rf3 75. Bg1 Rg3 76. Bf2 Rg2 77. Be3 Re2 78. Bg1
Re1 79. Bf2 Rf1 80. Be3 Rf3 81. Bg1 1/2-1/2

[Event "4NCL Division 3s"]
[Site "Daventry Court ENG"]
[Date "2014.01.11"]
[Round "3.108"]
[White "Shaw, Matthew H"]
[Black "Duggan, Christopher"]
[Result "1-0"]
[WhiteElo "1912"]
[BlackElo "2036"]
[PlyCount "106"]
[EventDate "2014.01.11"]
[WhiteTeam "BCM Hippos (3)"]
[BlackTeam "Oxford 2"]

1. e4 c5 2. Nf3 Nc6 3. d4 cxd4 4. Nxd4 e5 5. Nb5 a6 6. Nd6+ Bxd6 7. Qxd6 Qf6 8.
Qd2 Nge7 9. c4 d6 10. Nc3 O-O 11. Bd3 Nd4 12. b3 Qg6 13. f3 Bh3 14. O-O Be6 15.
Bb2 Rfd8 16. Nd5 Nec6 17. b4 f5 18. Bxd4 exd4 19. exf5 Bxf5 20. b5 axb5 21.
cxb5 Bxd3 22. bxc6 Qf7 23. Qxd3 Qxd5 24. cxb7 Ra7 25. Rab1 Rb8 26. Rb5 Qxa2 27.
Qxd4 Raxb7 28. Rxb7 Rxb7 29. Qxd6 Qa7+ 30. Kh1 h6 31. Qe6+ Kh7 32. Qe4+ Kg8 33.
h3 Rd7 34. Rc1 Qb7 35. Qg6 Qd5 36. Re1 Rd8 37. Re8+ Rxe8 38. Qxe8+ Kh7 39. Qe4+
Qxe4 40. fxe4 h5 41. h4 g5 42. hxg5 Kg6 43. Kh2 Kxg5 44. Kg3 Kf6 45. Kf4 h4 46.
Kg4 Ke5 47. Kxh4 Kxe4 48. Kg5 Ke5 49. g4 Ke6 50. Kg6 Ke7 51. Kg7 Ke8 52. g5 Ke7
53. g6 Ke8 1-0

[Event "4NCL Division 3s"]
[Site "Daventry Court ENG"]
[Date "2014.01.11"]
[Round "3.110"]
[White "Fowler, David W"]
[Black "Neatherway, A Philip"]
[Result "1-0"]
[WhiteElo "1867"]
[BlackElo "1870"]
[PlyCount "77"]
[EventDate "2014.01.11"]
[WhiteTeam "BCM Hippos (3)"]
[BlackTeam "Oxford 2"]

1. e4 d5 2. exd5 Qxd5 3. d4 Nf6 4. Nf3 Bg4 5. Be2 e6 6. c4 Bb4+ 7. Bd2 Bxd2+ 8.
Qxd2 Qd6 9. Nc3 c6 10. O-O Nbd7 11. Rad1 O-O 12. Rfe1 Rad8 13. h3 Bxf3 14. Bxf3
a6 15. g3 Qc7 16. Bg2 Nb6 17. b3 Rd7 18. Qe3 Rfd8 19. Rd2 h6 20. Red1 Nc8 21.
d5 exd5 22. cxd5 cxd5 23. Nxd5 Nxd5 24. Rxd5 Ne7 25. Rxd7 Rxd7 26. Rc1 Qd8 27.
Kh2 Nf5 28. Qc5 Nd6 29. b4 b6 30. Qc6 Nb5 31. Qc8 Nd4 32. Qxa6 Qf6 33. Rc8+ Kh7
34. Be4+ g6 35. Kg2 Nf5 36. Qa3 Nd6 37. Qd3 Re7 38. Rc6 Qe5 39. Rxd6 1-0

[Event "4NCL Division 3s"]
[Site "Daventry Court ENG"]
[Date "2014.01.11"]
[Round "3.115"]
[White "Thomas, Rik H"]
[Black "Grey, Nicholas D"]
[Result "1-0"]
[WhiteElo "2187"]
[BlackElo "1729"]
[PlyCount "61"]
[EventDate "2014.01.11"]
[WhiteTeam "Kings Head 2"]
[BlackTeam "BCM Rhinos (2)"]

1. Nf3 d6 2. g3 Nf6 3. Bg2 g6 4. O-O Bg7 5. c4 O-O 6. Nc3 c5 7. d4 Nbd7 8. b3
a6 9. Bb2 Rb8 10. a4 cxd4 11. Nxd4 Nc5 12. b4 Ne6 13. Nc2 Bd7 14. Ne3 b5 15.
cxb5 Nc7 16. Qd2 axb5 17. a5 Na6 18. Ncd5 Nxd5 19. Nxd5 Be6 20. Bxg7 Kxg7 21.
Rac1 Bxd5 22. Bxd5 e6 23. Bf3 d5 24. Rc6 Ra8 25. Rb6 Qf6 26. Rc1 Rfb8 27. Rcc6
Rxb6 28. Rxb6 Qa1+ 29. Kg2 Qa4 30. Qc3+ Kg8 31. Rxa6 1-0

[Event "4NCL Division 3s"]
[Site "Daventry Court ENG"]
[Date "2014.01.11"]
[Round "3.116"]
[White "Richardson, Keith B"]
[Black "Balaji, Ananthanarayanan"]
[Result "1/2-1/2"]
[WhiteElo "2105"]
[BlackElo "1961"]
[PlyCount "64"]
[EventDate "2014.01.11"]
[WhiteTeam "BCM Rhinos (2)"]
[BlackTeam "Kings Head 2"]

1. c4 Nf6 2. Nc3 d5 3. cxd5 Nxd5 4. d4 g6 5. Nf3 Bg7 6. e4 Nxc3 7. bxc3 O-O 8.
Be2 c5 9. O-O cxd4 10. cxd4 Nc6 11. Be3 Bg4 12. d5 Bxf3 13. Bxf3 Ne5 14. Be2
Rc8 15. Qa4 f5 16. f4 Ng4 17. Bd4 Bxd4+ 18. Qxd4 Nf6 19. exf5 gxf5 20. Rac1 Qb6
21. Qxb6 axb6 22. Bf3 Rc5 23. Rb1 b5 24. a4 bxa4 25. Rxb7 Nxd5 26. Re1 Rf7 27.
g3 Ra5 28. Bxd5 Rxd5 29. Ra7 e5 30. Ra8+ Kg7 31. fxe5 Re7 32. Rxa4 Rdxe5
1/2-1/2

[Event "4NCL Division 3s"]
[Site "Daventry Court ENG"]
[Date "2014.01.11"]
[Round "3.117"]
[White "Davey, Mark"]
[Black "Scrimgour, Alan"]
[Result "1/2-1/2"]
[WhiteElo "1984"]
[BlackElo "2033"]
[PlyCount "42"]
[EventDate "2014.01.11"]
[WhiteTeam "Kings Head 2"]
[BlackTeam "BCM Rhinos (2)"]

1. e4 c5 2. Nc3 e6 3. f4 d5 4. Nf3 a6 5. d3 Nc6 6. Be2 g6 7. O-O d4 8. Nb1 Bg7
9. a4 Nge7 10. Nbd2 f5 11. e5 Nd5 12. Nc4 Bf8 13. a5 Be7 14. Bd2 b5 15. axb6
Nxb6 16. Na5 Bd7 17. Qe1 O-O 18. Nxc6 Bxc6 19. Ba5 Qb8 20. Bxb6 Qxb6 21. Nd2
Bd5 1/2-1/2

[Event "4NCL Division 3s"]
[Site "Daventry Court ENG"]
[Date "2014.01.11"]
[Round "3.118"]
[White "Stille, Alexander M"]
[Black "Gilfillan, Andrew"]
[Result "0-1"]
[WhiteElo "2052"]
[BlackElo "1935"]
[PlyCount "90"]
[EventDate "2014.01.11"]
[WhiteTeam "BCM Rhinos (2)"]
[BlackTeam "Kings Head 2"]

1. e4 c5 2. Nf3 Nc6 3. d4 cxd4 4. Nxd4 Nf6 5. Nc3 e6 6. g3 Bb4 7. Bg2 Qa5 8.
Nde2 d5 9. O-O dxe4 10. Nxe4 Nxe4 11. Bxe4 O-O 12. c3 Be7 13. Qc2 f5 14. Bxc6
bxc6 15. Nd4 Qd5 16. Qb3 c5 17. Qxd5 exd5 18. Nc6 Bd6 19. Re1 Bb7 20. Re6 Rf6
21. Rxf6 gxf6 22. Na5 Ba6 23. Be3 Kf7 24. Rd1 f4 25. Bc1 Re8 26. Nb3 Be2 27.
Re1 h5 28. Bd2 h4 29. Nc1 f3 30. Nxe2 fxe2 31. gxh4 d4 32. cxd4 cxd4 33. f4 d3
34. b4 Re4 35. Kf2 f5 36. Kf3 Be7 37. Rc1 Bxh4 38. Rc3 Rd4 39. Ke3 Rd7 40. Rxd3
Rxd3+ 41. Kxd3 e1=Q 42. Bxe1 Bxe1 43. b5 Ke6 44. a4 Kd5 45. Ke2 Ba5 0-1

[Event "4NCL Division 3s"]
[Site "Daventry Court ENG"]
[Date "2014.01.11"]
[Round "3.119"]
[White "Whitehead, David J"]
[Black "Foley, John P"]
[Result "0-1"]
[WhiteElo "2023"]
[BlackElo "2023"]
[PlyCount "66"]
[EventDate "2014.01.11"]
[WhiteTeam "Kings Head 2"]
[BlackTeam "BCM Rhinos (2)"]

1. e4 c6 2. d4 d5 3. Nc3 dxe4 4. Nxe4 Nf6 5. Ng3 h5 6. Bc4 h4 7. N3e2 h3 8.
Nxh3 Bxh3 9. gxh3 Nbd7 10. Bf4 e6 11. Qd3 Nb6 12. O-O-O Nxc4 13. Qxc4 Bd6 14.
Bg3 Qc7 15. Qa4 Rxh3 16. Rhe1 Kf8 17. Ng1 Rh5 18. Be5 Bxe5 19. dxe5 Nd5 20. f4
b5 21. Qa3+ Qe7 22. Qf3 Qh4 23. Ne2 Qh3 24. Ng3 Rh4 25. Qa3+ Kg8 26. Qd6 Rxf4
27. Qxc6 Rb8 28. Qd6 Rf8 29. Kb1 Qg2 30. Rg1 Qxh2 31. Rh1 Qxg3 32. Rdg1 Rh4 33.
a3 Rxh1 0-1

[Event "4NCL Division 3s"]
[Site "Daventry Court ENG"]
[Date "2014.01.11"]
[Round "3.120"]
[White "Amato, Giampiero"]
[Black "Disu, Kayode"]
[Result "1-0"]
[WhiteElo "2006"]
[BlackElo "1881"]
[PlyCount "93"]
[EventDate "2014.01.11"]
[WhiteTeam "BCM Rhinos (2)"]
[BlackTeam "Kings Head 2"]

1. e4 e5 2. Nf3 Nc6 3. Bb5 a6 4. Ba4 d6 5. c3 Bd7 6. d4 g6 7. O-O Bg7 8. dxe5
Nxe5 9. Nxe5 dxe5 10. Bb3 Bb5 11. c4 Qxd1 12. Rxd1 Bc6 13. Nc3 Nf6 14. f3 Nd7
15. Nd5 Rc8 16. Be3 Bf8 17. Kf1 Bc5 18. Nf6+ Nxf6 19. Bxc5 b6 20. Be3 h6 21. c5
b5 22. a4 g5 23. axb5 Bxb5+ 24. Kf2 Ke7 25. Rd2 Rhd8 26. Rad1 Rxd2+ 27. Rxd2
Rd8 28. Rxd8 Kxd8 29. Bxf7 Ke7 30. Bb3 Nd7 31. Bd1 Kf6 32. Ke1 Nb8 33. Bd2 Nc6
34. Bc3 Kg6 35. Kd2 Kf6 36. Ke3 Kg6 37. g3 h5 38. Bb3 Kf6 39. Bd1 Kg6 40. Bc2
h4 41. gxh4 gxh4 42. f4 h3 43. fxe5 Kg5 44. e6 Bc4 45. Bd3 Bxd3 46. Kxd3 Kf4
47. Bf6 1-0